000 00894nas a2200253 4500
001 BR2017002758
003 BR-BrBNA
005 20231205131105.0
007 ta
008 230509b bl.|||p| |||| 00| 00por d
040 _aBR-BrBNA
_bpor
_cBiblioteca Nacional de Agricultura
041 _a(Pt)
072 _aF70
100 1 _aIlkiu-Borges, A.L.
100 1 _aLisboa, R.C.L.
245 1 _aOs gêneros Cyclolejeunea, Haplolejeunea, Harpalejeunea, Lepidolejeunea e Rectolejeunea (Lejeuncaceae, Hepaticae)na Estação Científica Ferreira Penna, Pará, Brasil
650 _aCOMPOSIÇÃO BOTÂNICA
650 _aINVENTÁRIO FLORESTAL
650 _aBRIÓFITA
650 _aDISTRIBUIÇÃO GEOGRÁFICA
773 0 _tActa Botânica Brasilica (Brazil)
_xISSN 0102-3306
_g(Jul-Sep 2004), v. 18(3) p. 537-553
_wBR2017002758
909 _a202311
_bLúcia
_c55
_dLúcia Elande
942 _2AGRIS
_n0
_cANA
999 _c252967
_d252967